000 00499nam a2200193 i 4500
001 bg
100 1 _aMISIUREWICZ, Piotr
245 0 _aPółprzewodnikowe układy logiczne TTL /
_cPiotr Misiurewicz, Marek Grzybek.
250 _aWyd.2 uakt.
260 _aWarszawa,
_c1978.
650 9 _aPółprzewodniki
650 9 _aUkłady logiczne
700 1 _aGRZYBEK, Marek
040 _cBPK
041 _apol
080 _a621.382:681.32/.33
942 _cKS
008 s pl f |000 0 pol
999 _c788
_d788
856 _uhttp://koha.tu.koszalin.pl/cgi-bin/koha/opac-detail.pl?biblionumber=788
_yKatalog online BPK